00801cam a2200229 a 450000100090000000300090000900500170001800800410003501000170007604000230009305000250011608200160014110000520015724500930020925000170030226000510031930000250037050400520039560000770044765000230052474000240054714796333BDDh-ASL20231015025723.0070404s2001 pk b i 000 0 eng  a 2007926237 aDLCcDLCdBDDh-ASL00aBP193.1.A2bJ34 2009 a297.01bJAP1 aJafri, S. M. H.q(Saiyid Masudul Hasan),d1927-10aPolitical and moral vision of Islam :bAs explained by Ali B. Abi Talib/ cS.H.M. Jafri. a1st U.S. ed. aLahore :bInstitute of Islamic Culture,c2001. aix, 144 p. ;c23 cm. aIncludes bibliographical references and index. 00aʻAlī ibn Abī Ṭālib,cCaliph,dapproximately 600-661xTeachings. 0aIslam and justice.0 aNahj al-balāghah.